Statistieken voor Vlaggen die in Vlaggen Veranderen

Klik hier om de quiz te nemen!

Algemene statistieken

  • Deze quiz is 587 keer genomen
  • De gemiddelde score is 8 van 10

Antwoorden op de kaart

Antwoorden kleurgecodeerd door een groen-rode schaal op de quizkaart volgens % correct hieronder.
 

Antwoordstatistieken

Land% Correct
Bulgarije
94%
Panama
88%
Litouwen
87%
Thailand
83%
Democratische Republiek Congo
79%
Mali
72%
Malawi
69%
Benin
65%
Namibië
62%
Saint Kitts en Nevis
53%

Scoreverdeling

Percentiel versus Aantal Correcte Antwoorden

Procent van Mensen met Elke Score

Uw Scoregeschiedenis

U heeft deze quiz nog niet genomen